| 000 | 01299nam a22003374a 4500 | ||
|---|---|---|---|
| 001 | ebr2002446 | ||
| 003 | CaPaEBR | ||
| 006 | m u | ||
| 007 | cr cn||||||||| | ||
| 008 | 000330s2001 enkab sb 001 0 eng | ||
| 010 | _z 00038247 | ||
| 020 | _z0415198836 | ||
| 020 | _z0415198844 (pbk.) | ||
| 040 |
_aCaPaEBR _cCaPaEBR |
||
| 035 | _a(OCoLC)50016763 | ||
| 050 | 1 | 4 |
_aQA76.9.C66 _bD64 2001eb |
| 082 | 0 | 4 |
_a303.48/33 _221 |
| 100 | 1 |
_aDodge, Martin, _d1971- |
|
| 245 | 1 | 0 |
_aMapping cyberspace _h[electronic resource] / _cMartin Dodge and Rob Kitchin. |
| 260 |
_aLondon ; _aNew York : _bRoutledge, _c2001. |
||
| 300 |
_ax, 260 p., 8 p. of plates : _bill. (some col.), maps (some col.). |
||
| 504 | _aIncludes bibliographical references (p. [230]-255) and index. | ||
| 533 |
_aElectronic reproduction. _bPalo Alto, Calif. : _cebrary, _d2013. _nAvailable via World Wide Web. _nAccess may be limited to ebrary affiliated libraries. |
||
| 650 | 0 | _aComputers and civilization. | |
| 650 | 0 |
_aCyberspace _xSocial aspects. |
|
| 650 | 0 | _aCommunication. | |
| 655 | 7 |
_aElectronic books. _2local |
|
| 700 | 1 | _aKitchin, Rob. | |
| 710 | 2 | _aebrary, Inc. | |
| 856 | 4 | 0 |
_uhttp://site.ebrary.com/lib/rucke/Doc?id=2002446 _zAn electronic book accessible through the World Wide Web; click to view |
| 999 |
_c229690 _d229690 |
||